Funkcjonovanie przedsiebiorstw handlowych w róznych warunkach rynkowych
Gespeichert in:
| Format: | Buch |
|---|---|
| Sprache: | Polnisch |
| Veröffentlicht: |
Poznan
Akademia Ekon.
1986
|
| Ausgabe: | 1. wyd. |
| Schriftenreihe: | Zeszyty naukowe
Zeszyt 178 |
| Tags: |
Keine Tags, Fügen Sie das erste Tag hinzu!
|
MARC
| LEADER | 00000nam a2200000 4500 | ||
|---|---|---|---|
| 001 | c036916 | ||
| 005 | 20221220071534.6 | ||
| 041 | 0 | |a pol | |
| 044 | |a PL | ||
| 245 | 1 | 0 | |a Funkcjonovanie przedsiebiorstw handlowych w róznych warunkach rynkowych |
| 250 | |a 1. wyd. | ||
| 264 | 1 | |a Poznan |b Akademia Ekon. |c 1986 | |
| 300 | |a 85 s. | ||
| 490 | 1 | |a Zeszyty naukowe |v Zeszyt 178 | |
| 830 | 0 | |a Zeszyty naukowe |v Zeszyt 178 | |